000 00790cam a22002891a 4500
999 _c28426
_d28426
001 YPZ99131
003 YPZ
005 20221201132030.0
008 141016|###########||||||b||||||||||spa|d
020 _a9508520604
040 _cSIUNPA
041 _aspa
044 _aag
080 _a343.352 W175p4
100 _aWalger, Sylvina.
245 _aPizza con champán
_b : crónica de la fiesta menemista
_c/ Sylvina Walger ; prólogo Joaquín Morales Solá
250 _a4a. ed.
260 _aBuenos Aires
_b : Espasa Calpe
_c , 1995
300 _a398 p. :
_bil.
490 _a(Espasa hoy)
650 _a CORRUPCION
650 _a SOBORNOS
650 _a INVESTIGACION PERIODISTICA
651 0 _953
_aARGENTINA
700 _4, pról.
_aMorales Solá, Joaquín
942 _cBK
_2udc